000
00285nam a22001337a 4500
008
181105b xxu||||| |||| 00| 0 eng d
020
_a
9788242098696
041
_a
eng
080
_a
339.9
100
_a
59
101
_a
GLO
245
_a
Globalization
_c
Katie.S
942
_2
udc
_c
BK
999
_c
51783
_d
51783